000 00383 a2200121 4500
001 ART_22176
005 20260410161644.0
008 260409a
245 1 0 _aLa evasión tributaria en sede aduanera y la ley penal aplicable
100 1 _aBibiloni, Mario J.
700 1 _aFarías, Andrés
773 0 _tConsultor tributario
_g- Año 7, Nº 83 (ene. 2014)
_wREV474
999 _c13617
_d13617